Computing information systems development informatics & allied research journal. (Record no. 38143)

MARC details
000 -LEADER
fixed length control field 00413nam a2200145Ia 4500
022 ## - INTERNATIONAL STANDARD SERIAL NUMBER
ISSN 21671710
050 ## - CALL MARK
Classification number T 58.5 .C66/
245 #0 - TITLE STATEMENT
Title Computing information systems development informatics & allied research journal.
260 ## - PUBLICATION, DISTRIBUTION, ETC. (IMPRINT)
Name of publisher Publication of the AFRICAN
260 ## - PUBLICATION, DISTRIBUTION, ETC. (IMPRINT)
Year of publication 2014
300 ## - PHYSICAL DESCRIPTION
Number of Pages iii, 92 p. : ill ; 29 cm.
942 ## - ADDED ENTRY ELEMENTS (KOHA)
Koha item type Serials

No items available.